[Event "Kadettlandskamp NOR-SWE B 2018"]
[Site "NTG, Bærum, Norway"]
[Date "2018.12.15"]
[Round "1.5"]
[White "Melaa, Sondre Lillestøl"]
[Black "Ivarsson, Sebastian"]
[Result "0-1"]
[WhiteFideId "1530470"]
[BlackFideId "1738593"]
[WhiteElo "1838"]
[BlackElo "1652"]

1. e4 {[%clk 00:15:12]} {[%emt 00:00:06]} e5 {[%clk 00:15:18]} {[%emt
00:00:02]} 2. Nf3 {[%clk 00:15:19]} {[%emt 00:00:04]} Nc6 {[%clk 00:15:27]}
{[%emt 00:00:02]} 3. d4 {[%clk 00:15:24]} {[%emt 00:00:04]} exd4 {[%clk
00:15:35]} {[%emt 00:00:03]} 4. Nxd4 {[%clk 00:15:31]} {[%emt 00:00:03]} Nf6
{[%clk 00:15:35]} {[%emt 00:00:10]} 5. Nxc6 {[%clk 00:15:38]} {[%emt 00:00:02]}
bxc6 {[%clk 00:15:43]} {[%emt 00:00:03]} 6. e5 {[%clk 00:15:47]} {[%emt
00:00:01]} Qe7 {[%clk 00:15:49]} {[%emt 00:00:05]} 7. Qe2 {[%clk 00:15:56]} Nd5
{[%clk 00:15:55]} {[%emt 00:00:04]} 8. c4 {[%clk 00:16:04]} {[%emt 00:00:01]}
Nb6 {[%clk 00:15:59]} {[%emt 00:00:06]} 9. Nc3 {[%clk 00:16:11]} {[%emt
00:00:02]} Qe6 {[%clk 00:15:19]} {[%emt 00:00:51]} 10. Qe4 {[%clk 00:16:16]}
{[%emt 00:00:05]} g6 {[%clk 00:14:49]} {[%emt 00:00:40]} 11. Bd2 {[%clk
00:13:10]} {[%emt 00:03:16]} Bg7 {[%clk 00:14:16]} {[%emt 00:00:43]} 12. O-O-O
{[%clk 00:11:08]} {[%emt 00:02:12]} O-O {[%clk 00:13:15]} {[%emt 00:01:12]} 13.
f4 {[%clk 00:10:52]} {[%emt 00:00:26]} d5 {[%clk 00:07:27]} {[%emt 00:05:57]}
14. cxd5 {[%clk 00:04:39]} {[%emt 00:06:23]} cxd5 {[%clk 00:07:27]} {[%emt
00:00:11]} 15. Qd4 {[%clk 00:04:11]} {[%emt 00:00:38]} f6 {[%clk 00:05:55]}
{[%emt 00:01:42]} 16. Re1 {[%clk 00:03:37]} {[%emt 00:00:44]} Bb7 {[%clk
00:04:48]} {[%emt 00:01:17]} 17. exf6 {[%clk 00:02:44]} {[%emt 00:01:03]} Qxf6
{[%clk 00:04:46]} {[%emt 00:00:12]} 18. Qxf6 {[%clk 00:02:52]} {[%emt
00:00:02]} Bxf6 {[%clk 00:04:53]} {[%emt 00:00:03]} 19. Nb5 {[%clk 00:02:47]}
{[%emt 00:00:15]} a6 {[%clk 00:04:12]} {[%emt 00:00:50]} 20. Nc3 {[%clk
00:02:27]} {[%emt 00:00:30]} c5 {[%clk 00:03:58]} {[%emt 00:00:24]} 21. Bd3
{[%clk 00:02:15]} {[%emt 00:00:22]} Rac8 {[%clk 00:02:18]} {[%emt 00:01:50]} 22.
Re6 {[%clk 00:02:05]} {[%emt 00:00:20]} Rc6 {[%clk 00:00:39]} {[%emt 00:01:49]}
23. Rhe1 {[%clk 00:01:41]} {[%emt 00:00:34]} d4 {[%clk 00:00:20]} {[%emt
00:00:29]} 24. Nd1 {[%clk 00:00:37]} {[%emt 00:01:14]} c4 {[%clk 00:00:20]}
{[%emt 00:00:11]} 25. Rxc6 {[%clk 00:00:29]} {[%emt 00:00:17]} Bxc6 {[%clk
00:00:30]} {[%emt 00:00:01]} 26. Re6 {[%clk 00:00:32]} {[%emt 00:00:06]} Rc8
{[%clk 00:00:19]} {[%emt 00:00:20]} 27. Rxf6 {[%clk 00:00:32]} {[%emt
00:00:12]} cxd3 {[%clk 00:00:28]} 28. Kb1 {[%clk 00:00:39]} {[%emt 00:00:03]}
Bxg2 {[%clk 00:00:32]} {[%emt 00:00:07]} 29. Rxb6 {[%clk 00:00:45]} {[%emt
00:00:03]} Rc2 {[%clk 00:00:33]} {[%emt 00:00:08]} 30. Bb4 {[%clk 00:00:26]}
{[%emt 00:00:29]} Be4 {[%clk 00:00:42]} {[%emt 00:00:02]} 31. a3 {[%clk
00:00:24]} {[%emt 00:00:13]} d2 {[%clk 00:00:47]} {[%emt 00:00:04]} 32. Rb8+
{[%clk 00:00:17]} {[%emt 00:00:16]} Kg7 {[%clk 00:00:56]} 33. Bf8+ {[%clk
00:00:20]} {[%emt 00:00:07]} Kf7 {[%clk 00:01:03]} {[%emt 00:00:04]} 34. Rd8
{[%clk 00:00:20]} {[%emt 00:00:10]} Rc1+ {[%clk 00:01:10]} {[%emt 00:00:03]} 35.
Ka2 {[%clk 00:00:29]} Rxd1 {[%clk 00:01:16]} {[%emt 00:00:04]} 36. Bb4 {[%clk
00:00:32]} {[%emt 00:00:07]} Ra1+ {[%clk 00:01:15]} {[%emt 00:00:12]} 37. Kxa1
{[%clk 00:00:40]} {[%emt 00:00:02]} d1=Q+ {[%clk 00:01:24]} {[%emt 00:00:01]}
38. Ka2 {[%clk 00:00:49]} Bb1+ {[%clk 00:01:31]} {[%emt 00:00:02]} 0-1

[Event "Kadettlandskamp NOR-SWE B 2018"]
[Site "NTG, Bærum, Norway"]
[Date "2018.12.15"]
[Round "1.6"]
[White "Muntean, Viktor"]
[Black "Fossan, Aleksander"]
[Result "1-0"]
[WhiteFideId "1054414"]
[BlackFideId "1519794"]
[WhiteElo "1791"]
[BlackElo "1903"]

1. e4 {[%clk 00:15:19]} d6 {[%clk 00:15:19]} {[%emt 00:00:02]} 2. d4 {[%clk
00:15:27]} {[%emt 00:00:01]} Nf6 {[%clk 00:15:28]} {[%emt 00:00:01]} 3. Nc3
{[%clk 00:15:36]} {[%emt 00:00:01]} e5 {[%clk 00:15:37]} 4. dxe5 {[%clk
00:15:38]} {[%emt 00:00:08]} dxe5 {[%clk 00:15:46]} 5. Qxd8+ {[%clk 00:15:47]}
{[%emt 00:00:02]} Kxd8 {[%clk 00:15:55]} 6. Nf3 {[%clk 00:15:38]} {[%emt
00:00:19]} Bd6 {[%clk 00:16:01]} {[%emt 00:00:04]} 7. Bg5 {[%clk 00:15:29]}
{[%emt 00:00:19]} Be6 {[%clk 00:16:09]} {[%emt 00:00:03]} 8. O-O-O {[%clk
00:15:28]} {[%emt 00:00:10]} Nbd7 {[%clk 00:16:17]} {[%emt 00:00:02]} 9. Nb5
{[%clk 00:14:37]} {[%emt 00:01:02]} Ke7 {[%clk 00:14:57]} {[%emt 00:01:31]} 10.
Nxd6 {[%clk 00:13:30]} {[%emt 00:01:17]} cxd6 {[%clk 00:15:05]} {[%emt
00:00:02]} 11. Bd3 {[%clk 00:13:29]} {[%emt 00:00:10]} Rac8 {[%clk 00:14:07]}
{[%emt 00:01:08]} 12. Kb1 {[%clk 00:13:32]} {[%emt 00:00:08]} h6 {[%clk
00:13:46]} {[%emt 00:00:31]} 13. Be3 {[%clk 00:13:31]} {[%emt 00:00:10]} Nc5
{[%clk 00:13:02]} {[%emt 00:00:54]} 14. Nd2 {[%clk 00:12:05]} {[%emt 00:01:36]}
Nxd3 {[%clk 00:11:17]} {[%emt 00:01:56]} 15. cxd3 {[%clk 00:12:13]} {[%emt
00:00:02]} Ng4 {[%clk 00:11:18]} {[%emt 00:00:09]} 16. Rc1 {[%clk 00:11:28]}
{[%emt 00:00:55]} Nxe3 {[%clk 00:06:58]} {[%emt 00:04:30]} 17. fxe3 {[%clk
00:11:36]} {[%emt 00:00:02]} Bg4 {[%clk 00:04:15]} {[%emt 00:02:53]} 18. Nf3
{[%clk 00:10:41]} {[%emt 00:01:06]} Ke6 {[%clk 00:03:26]} {[%emt 00:00:59]} 19.
h3 {[%clk 00:10:02]} {[%emt 00:00:48]} Bh5 {[%clk 00:03:12]} {[%emt 00:00:24]}
20. Rc2 {[%clk 00:08:19]} {[%emt 00:01:54]} Rxc2 {[%clk 00:03:03]} {[%emt
00:00:19]} 21. Kxc2 {[%clk 00:08:27]} {[%emt 00:00:02]} g5 {[%clk 00:01:43]}
{[%emt 00:01:30]} 22. g4 {[%clk 00:07:17]} {[%emt 00:01:19]} Bg6 {[%clk
00:01:48]} {[%emt 00:00:05]} 23. h4 gxh4 {[%clk 00:00:46]} 24. Nxh4 {[%clk
00:06:37]} {[%emt 00:00:35]} h5 {[%clk 00:00:40]} {[%emt 00:00:17]} 25. Rg1
{[%clk 00:05:00]} {[%emt 00:01:47]} hxg4 {[%clk 00:00:40]} {[%emt 00:00:10]} 26.
Rxg4 {[%clk 00:05:07]} {[%emt 00:00:03]} Bh5 {[%clk 00:00:31]} {[%emt
00:00:17]} 27. Rg2 {[%clk 00:04:48]} {[%emt 00:00:30]} Bd1+ {[%clk 00:00:26]}
{[%emt 00:00:15]} 28. Kxd1 {[%clk 00:04:57]} {[%emt 00:00:01]} Rxh4 {[%clk
00:00:36]} 29. Kd2 {[%clk 00:04:45]} {[%emt 00:00:21]} a5 {[%clk 00:00:37]}
{[%emt 00:00:09]} 30. Rg8 {[%clk 00:04:26]} {[%emt 00:00:29]} Kd7 {[%clk
00:00:14]} {[%emt 00:00:33]} 31. Rf8 {[%clk 00:04:13]} {[%emt 00:00:22]} Kc6
{[%clk 00:00:15]} {[%emt 00:00:09]} 32. Rxf7 {[%clk 00:03:45]} {[%emt
00:00:38]} Rh2+ {[%clk 00:00:24]} 33. Kc3 {[%clk 00:03:49]} {[%emt 00:00:07]}
Rh3 {[%clk 00:00:33]} {[%emt 00:00:01]} 34. Rf8 {[%clk 00:03:33]} {[%emt
00:00:26]} Rxe3 {[%clk 00:00:38]} {[%emt 00:00:05]} 35. Rc8+ {[%clk 00:03:18]}
{[%emt 00:00:24]} Kb6 {[%clk 00:00:42]} {[%emt 00:00:07]} 36. Rd8 {[%clk
00:03:21]} {[%emt 00:00:07]} Kc6 {[%clk 00:00:49]} {[%emt 00:00:03]} 37. Rc8+
{[%clk 00:03:29]} {[%emt 00:00:02]} Kb6 {[%clk 00:00:58]} 38. Rd8 {[%clk
00:03:38]} Kc7 {[%clk 00:01:07]} {[%emt 00:00:02]} 39. Ra8 {[%clk 00:03:42]}
{[%emt 00:00:06]} b6 {[%clk 00:01:10]} {[%emt 00:00:06]} 40. b3 {[%clk
00:02:34]} {[%emt 00:01:18]} Re1 {[%clk 00:01:13]} {[%emt 00:00:07]} 41. a4
{[%clk 00:02:33]} {[%emt 00:00:10]} Rc1+ {[%clk 00:01:15]} {[%emt 00:00:08]} 42.
Kb2 {[%clk 00:02:41]} {[%emt 00:00:02]} Rh1 {[%clk 00:01:22]} {[%emt 00:00:03]}
43. Rg8 {[%clk 00:02:43]} {[%emt 00:00:08]} Rh7 {[%clk 00:01:21]} {[%emt
00:00:11]} 44. Rg2 {[%clk 00:02:36]} {[%emt 00:00:16]} Rd7 {[%clk 00:01:14]}
{[%emt 00:00:17]} 45. Kc3 {[%clk 00:02:32]} {[%emt 00:00:14]} Kc6 {[%clk
00:01:05]} {[%emt 00:00:19]} 46. Kc4 {[%clk 00:02:27]} {[%emt 00:00:15]} Rf7
{[%clk 00:01:02]} {[%emt 00:00:13]} 47. d4 {[%clk 00:01:41]} {[%emt 00:00:56]}
exd4 {[%clk 00:01:05]} {[%emt 00:00:07]} 48. Kxd4 {[%clk 00:01:49]} {[%emt
00:00:01]} Rf3 {[%clk 00:01:07]} {[%emt 00:00:09]} 49. Rc2+ {[%clk 00:01:57]}
{[%emt 00:00:02]} Kd7 {[%clk 00:01:09]} {[%emt 00:00:08]} 50. Rc3 {[%clk
00:01:57]} {[%emt 00:00:11]} Rf1 {[%clk 00:01:06]} {[%emt 00:00:12]} 51. Rg3
{[%clk 00:01:39]} {[%emt 00:00:27]} Rd1+ {[%clk 00:00:58]} {[%emt 00:00:18]} 52.
Kc4 {[%clk 00:01:47]} {[%emt 00:00:03]} Kc6 {[%clk 00:01:01]} {[%emt 00:00:06]}
53. Rg6 {[%clk 00:01:35]} {[%emt 00:00:22]} Rc1+ {[%clk 00:01:05]} {[%emt
00:00:06]} 54. Kd4 {[%clk 00:01:43]} {[%emt 00:00:02]} Rd1+ {[%clk 00:01:10]}
{[%emt 00:00:05]} 55. Kc4 {[%clk 00:01:52]} {[%emt 00:00:01]} Rc1+ {[%clk
00:00:57]} {[%emt 00:00:24]} 56. Kd4 {[%clk 00:02:00]} {[%emt 00:00:01]} Rc5
{[%clk 00:00:52]} {[%emt 00:00:15]} 57. Rg8 {[%clk 00:01:49]} {[%emt 00:00:20]}
Rh5 {[%clk 00:00:54]} {[%emt 00:00:08]} 58. Rc8+ {[%clk 00:01:48]} {[%emt
00:00:10]} Kb7 {[%clk 00:01:00]} {[%emt 00:00:05]} 59. Rd8 {[%clk 00:01:56]}
{[%emt 00:00:02]} Kc7 {[%clk 00:01:09]} {[%emt 00:00:02]} 60. Rg8 {[%clk
00:02:02]} {[%emt 00:00:02]} b5 {[%clk 00:01:05]} {[%emt 00:00:15]} 61. Ra8
{[%clk 00:01:42]} {[%emt 00:00:30]} b4 {[%clk 00:00:54]} {[%emt 00:00:22]} 62.
Ra6 {[%clk 00:01:32]} {[%emt 00:00:19]} Rg5 {[%clk 00:00:55]} {[%emt 00:00:08]}
63. Kc4 {[%clk 00:01:27]} {[%emt 00:00:16]} Rc5+ {[%clk 00:00:59]} {[%emt
00:00:04]} 64. Kd4 {[%clk 00:01:30]} {[%emt 00:00:10]} Re5 {[%clk 00:00:38]}
{[%emt 00:00:30]} 65. Kd3 {[%clk 00:01:35]} {[%emt 00:00:05]} d5 {[%clk
00:00:29]} {[%emt 00:00:19]} 66. exd5 {[%clk 00:01:43]} {[%emt 00:00:03]} Rxd5+
{[%clk 00:00:38]} 67. Kc4 {[%clk 00:01:51]} {[%emt 00:00:01]} Rh5 {[%clk
00:00:44]} {[%emt 00:00:04]} 68. Rg6 {[%clk 00:01:29]} {[%emt 00:00:33]} Rh3
{[%clk 00:00:36]} {[%emt 00:00:18]} 69. Rg5 {[%clk 00:01:14]} {[%emt 00:00:26]}
Kb6 {[%clk 00:00:14]} {[%emt 00:00:32]} 70. Rg6+ {[%clk 00:01:06]} {[%emt
00:00:18]} Kb7 {[%clk 00:00:22]} {[%emt 00:00:02]} 71. Rd6 {[%clk 00:00:43]}
{[%emt 00:00:32]} Rc3+ {[%clk 00:00:12]} {[%emt 00:00:20]} 72. Kb5 {[%clk
00:00:41]} {[%emt 00:00:13]} Rxb3 {[%emt 00:00:17]} 1-0

[Event "Kadettlandskamp NOR-SWE B 2018"]
[Site "NTG, Bærum, Norway"]
[Date "2018.12.15"]
[Round "2.1"]
[White "Falkevall, Axel"]
[Black "Vitenberg, Noam A"]
[Result "1-0"]
[WhiteFideId "1735560"]
[BlackFideId "1532138"]
[WhiteElo "1715"]
[BlackElo "1889"]

1. e4 {[%clk 00:15:19]} e6 {[%clk 00:15:19]} {[%emt 00:00:02]} 2. d4 {[%clk
00:15:26]} {[%emt 00:00:02]} d5 {[%clk 00:15:27]} {[%emt 00:00:01]} 3. Nc3
{[%clk 00:15:35]} {[%emt 00:00:02]} Bb4 {[%clk 00:15:34]} {[%emt 00:00:02]} 4.
e5 {[%clk 00:15:42]} {[%emt 00:00:04]} Ne7 {[%clk 00:15:42]} {[%emt 00:00:01]}
5. a3 {[%clk 00:15:43]} {[%emt 00:00:10]} Bxc3+ {[%clk 00:15:50]} {[%emt
00:00:02]} 6. bxc3 {[%clk 00:15:51]} {[%emt 00:00:02]} b6 {[%clk 00:15:58]}
{[%emt 00:00:02]} 7. f4 {[%clk 00:15:25]} {[%emt 00:00:36]} Ba6 {[%clk
00:15:29]} {[%emt 00:00:39]} 8. Bxa6 {[%clk 00:15:32]} {[%emt 00:00:03]} Nxa6
{[%clk 00:15:37]} {[%emt 00:00:02]} 9. Nf3 {[%clk 00:15:38]} {[%emt 00:00:04]}
c5 {[%clk 00:15:36]} {[%emt 00:00:10]} 10. a4 {[%clk 00:15:26]} {[%emt
00:00:22]} Rc8 {[%clk 00:15:30]} {[%emt 00:00:17]} 11. Qd3 {[%clk 00:14:41]}
{[%emt 00:00:55]} Nb8 {[%clk 00:14:27]} {[%emt 00:01:13]} 12. Ba3 {[%clk
00:14:33]} {[%emt 00:00:18]} Nf5 {[%clk 00:12:26]} {[%emt 00:02:11]} 13. a5
{[%clk 00:10:56]} {[%emt 00:03:47]} cxd4 {[%clk 00:08:42]} {[%emt 00:03:54]} 14.
Nxd4 {[%clk 00:10:22]} {[%emt 00:00:44]} Nxd4 {[%clk 00:08:39]} {[%emt
00:00:13]} 15. cxd4 {[%clk 00:10:29]} {[%emt 00:00:04]} Qc7 {[%clk 00:07:48]}
{[%emt 00:01:00]} 16. Bd6 {[%clk 00:10:15]} {[%emt 00:00:23]} Qc6 {[%clk
00:07:37]} {[%emt 00:00:22]} 17. axb6 {[%clk 00:09:40]} {[%emt 00:00:46]} axb6
{[%clk 00:07:29]} {[%emt 00:00:17]} 18. O-O {[%clk 00:09:05]} {[%emt 00:00:45]}
g6 {[%clk 00:04:33]} {[%emt 00:03:06]} 19. Qe3 {[%clk 00:06:41]} {[%emt
00:02:35]} f5 {[%clk 00:03:59]} {[%emt 00:00:43]} 20. Ra7 {[%clk 00:04:33]}
{[%emt 00:02:17]} Nd7 {[%clk 00:04:07]} {[%emt 00:00:03]} 21. Qd3 {[%clk
00:03:59]} {[%emt 00:00:43]} h5 {[%clk 00:02:33]} {[%emt 00:01:45]} 22. Qg3
{[%clk 00:03:19]} {[%emt 00:00:50]} Rg8 {[%clk 00:02:22]} {[%emt 00:00:21]} 23.
Qg5 {[%clk 00:03:19]} {[%emt 00:00:09]} Rg7 {[%clk 00:02:31]} {[%emt 00:00:01]}
24. Rfa1 {[%clk 00:02:11]} {[%emt 00:01:17]} Qb5 {[%clk 00:00:36]} {[%emt
00:02:06]} 25. Ra8 {[%clk 00:01:06]} {[%emt 00:01:16]} Qc4 {[%clk 00:00:26]}
{[%emt 00:00:21]} 26. Rxc8+ {[%clk 00:00:47]} {[%emt 00:00:28]} Qxc8 {[%clk
00:00:35]} {[%emt 00:00:01]} 27. Ra7 {[%clk 00:00:51]} {[%emt 00:00:06]} Kf7
{[%clk 00:00:22]} {[%emt 00:00:23]} 28. Qf6+ {[%clk 00:00:55]} {[%emt
00:00:06]} Kg8 {[%clk 00:00:30]} {[%emt 00:00:03]} 29. Qxe6+ {[%clk 00:01:01]}
{[%emt 00:00:04]} Kh7 {[%clk 00:00:38]} {[%emt 00:00:02]} 30. Rc7 {[%clk
00:00:49]} {[%emt 00:00:21]} Qa6 {[%clk 00:00:30]} {[%emt 00:00:19]} 31. Qxd5
{[%clk 00:00:23]} {[%emt 00:00:36]} Qa1+ {[%clk 00:00:33]} {[%emt 00:00:06]} 32.
Kf2 {[%clk 00:00:32]} {[%emt 00:00:01]} Qc1 {[%clk 00:00:42]} {[%emt 00:00:02]}
33. Qf3 {[%clk 00:00:17]} {[%emt 00:00:25]} Qd2+ {[%clk 00:00:41]} {[%emt
00:00:10]} 34. Kg3 {[%clk 00:00:19]} {[%emt 00:00:09]} Qe1+ {[%clk 00:00:21]}
{[%emt 00:00:29]} 35. Kh3 {[%clk 00:00:19]} {[%emt 00:00:11]} Kh6 {[%clk
00:00:13]} {[%emt 00:00:18]} 36. d5 {[%clk 00:00:17]} {[%emt 00:00:12]} Qd2
{[%clk 00:00:12]} {[%emt 00:00:12]} 37. e6 {[%clk 00:00:24]} {[%emt 00:00:03]}
Nf6 {[%clk 00:00:13]} {[%emt 00:00:08]} 38. Bf8 {[%clk 00:00:22]} {[%emt
00:00:11]} Ng4 {[%clk 00:00:15]} {[%emt 00:00:08]} 39. Bxg7+ {[%clk 00:00:31]}
{[%emt 00:00:01]} Kh7 {[%clk 00:00:25]} 40. Bc3+ {[%clk 00:00:39]} {[%emt
00:00:03]} Kh6 {[%clk 00:00:31]} {[%emt 00:00:03]} 41. Bxd2 {[%clk 00:00:47]}
{[%emt 00:00:01]} b5 {[%clk 00:00:38]} {[%emt 00:00:03]} 42. e7 {[%clk
00:00:42]} {[%emt 00:00:16]} b4 {[%clk 00:00:45]} {[%emt 00:00:02]} 43. e8=Q
{[%clk 00:00:48]} {[%emt 00:00:04]} 1-0